Образ митця у новітній англійській та німецькій літературі (на основі творів В. Блейка, Ф. Ніцше, П. Зюскінда) (Запис № 285385)
[ простий вигляд ]
| 000 -LEADER | |
|---|---|
| fixed length control field | 01738nam a22001577a 4500 |
| 041 ## - LANGUAGE CODE | |
| Language code of text/sound track or separate title | ukr |
| 080 ## - UNIVERSAL DECIMAL CLASSIFICATION NUMBER | |
| Universal Decimal Classification number | 09 |
| 090 ## - LOCALLY ASSIGNED LC-TYPE CALL NUMBER (OCLC); LOCAL CALL NUMBER (OCLC) | |
| Local cutter number (OCLC) ; Book number/undivided call number, CALL (RLIN) | ШЕВ |
| 100 ## - MAIN ENTRY--PERSONAL NAME | |
| Personal name | Шевчук К. В. |
| 245 ## - TITLE STATEMENT | |
| Title | Образ митця у новітній англійській та німецькій літературі (на основі творів В. Блейка, Ф. Ніцше, П. Зюскінда) |
| 260 ## - PUBLICATION, DISTRIBUTION, ETC. (IMPRINT) | |
| Place of publication, distribution, etc | Острог |
| Name of publisher, distributor, etc | КАФ |
| Date of publication, distribution, etc | 2014 |
| 300 ## - PHYSICAL DESCRIPTION | |
| Extent | 79 |
| 520 ## - SUMMARY, ETC. | |
| Summary, etc | Вступ.<br/>Розділ І. Образ митця крізь призму епох.<br/>1.1. Два типи особистості у епоху Романтизму<br/>1.2. Модернізм. Перша критика образу митця<br/>1.3. Національна специфіка Постмодернізму. Жанрова та стилістична особливість пєси-монологу<br/>1.3.1. Традиційне письмо в епоху експерементів<br/>1.3.2. Монолог-звертання, що не потребує відповіді<br/>Розділ ІІ. Еволюція образу митця.<br/>2.1. Творча бінарність митця у збірці "Пісні досвіду та невинності"<br/>2.2. Стан хронологічного спяніння життям за Ф. Ніцше<br/>2.3. Музика як механізм впливу<br/>2.3.1. Звукословник персонажа пєси за теорією інтонацій Б. Асафєва<br/>2.3.2. Проблема творчої особистості<br/>Висновки.<br/>Список використаних джерел.<br/>Додатки. |
| -- | Романтизм, Модернізм, Постмодернізм |
| 650 ## - SUBJECT ADDED ENTRY--TOPICAL TERM | |
| Topical term or geographic name as entry element | Research Papers |
| 942 ## - ADDED ENTRY ELEMENTS (KOHA) | |
| Koha item type | Книги |
| Withdrawn status | Lost status | Source of classification or shelving scheme | Damaged status | Not for loan | Home library | Current library | Date acquired | Source of acquisition | Cost, normal purchase price | Total Checkouts | Full call number | Barcode | Date last seen | Price effective from | Koha item type |
|---|---|---|---|---|---|---|---|---|---|---|---|---|---|---|---|
| Universal Decimal Classification | ВІЛ - Відділ іноземн. літератури НБ | ВІЛ - Відділ іноземн. літератури НБ | 17/06/2014 | Акт №8 | 1.00 | 09 | 215630 | 09/11/2021 | 17/06/2014 | Книги |